Mastering AutoCad 14 for mechanical engineers / (Record no. 31652)

000 -LEADER
fixed length control field 01038cam a2200313 a 4500
001 - CONTROL NUMBER
control field 3546127
003 - CONTROL NUMBER IDENTIFIER
control field OSt
005 - DATE AND TIME OF LATEST TRANSACTION
control field 20210928120122.0
008 - FIXED-LENGTH DATA ELEMENTS--GENERAL INFORMATION
fixed length control field 971010s1997 caua 001 0 eng
010 ## - LIBRARY OF CONGRESS CONTROL NUMBER
LC control number 97061716
020 ## - INTERNATIONAL STANDARD BOOK NUMBER
International Standard Book Number 078212108X
035 ## - SYSTEM CONTROL NUMBER
System control number (DLC) 97061716
038 ## - RECORD CONTENT LICENSOR
Staff Name khadija
040 ## - CATALOGING SOURCE
Original cataloging agency DLC
Transcribing agency DLC
Modifying agency DLC
050 00 - LIBRARY OF CONGRESS CALL NUMBER
Classification number T385
Item number .O48263 1998
082 00 - DEWEY DECIMAL CLASSIFICATION NUMBER
Classification number 620.0042
Edition number 21
Author Mark OMU
100 1# - MAIN ENTRY--PERSONAL NAME
Personal name Omura, George.
9 (RLIN) 51943
245 10 - TITLE STATEMENT
Title Mastering AutoCad 14 for mechanical engineers /
Statement of responsibility, etc. George Omura, Steven Keith.
260 ## - PUBLICATION, DISTRIBUTION, ETC.
Place of publication, distribution, etc. San Francisco :
Name of publisher, distributor, etc. Sybex,
Date of publication, distribution, etc. c1998.
300 ## - PHYSICAL DESCRIPTION
Extent xxx, 1135 p. :
Other physical details ill. ;
Dimensions 23 cm. +
Accompanying material 1 computer laser optical disc (4 3/4 in.)
500 ## - GENERAL NOTE
General note Includes index.
563 ## - BINDING INFORMATION
Binding note paperback
630 00 - SUBJECT ADDED ENTRY--UNIFORM TITLE
Uniform title AutoCAD.
9 (RLIN) 6344
650 #0 - SUBJECT ADDED ENTRY--TOPICAL TERM
Topical term or geographic name entry element Computer graphics.
9 (RLIN) 1225
700 1# - ADDED ENTRY--PERSONAL NAME
Personal name Keith, Steven.
9 (RLIN) 51944
906 ## - LOCAL DATA ELEMENT F, LDF (RLIN)
a 7
b cbc
c orignew
d 2
e opcn
f 19
g y-gencatlg
942 ## - ADDED ENTRY ELEMENTS (KOHA)
Source of classification or shelving scheme
Koha item type Book
Holdings
Withdrawn status Lost status Source of classification or shelving scheme Damaged status Not for loan Permanent Location Current Location Shelving location Date acquired Full call number Barcode Date last seen Price effective from Koha item type Public note
          School of Mechanical & Manufacturing Engineering (SMME) School of Mechanical & Manufacturing Engineering (SMME) General Stacks 06/29/2015 620.00420285 OMU SMME-159 03/20/2018 06/29/2015 Book Rack,42-Shelf,1
© 2023 Central Library, National University of Sciences and Technology. All Rights Reserved.